000
00300nam a2200109Ia 4500
008
200302s9999 xx 000 0 und d
100
_a
Helen Philon & Others
245
_a
Silent Splendour Palaces of the Deccan 14th - 19th Centuries
260
_b
Marg Publication
260
_c
2010
300
_a
147 P.,
999
_c
2676
_d
2676